000 00526nam a2200205 a 4500
999 _c8014
_d8014
001 8014
003 BD-JhCC
005 20180217163612.0
008 180217s1960 pk ||||| |||| 000 0 eng d
035 _a(BD-JhCC)
040 _aBD-JhCC
_dBD-JhCC
041 _aeng
082 _a954.7
_bMCD 1960
100 _aMcdonough, Sheila
245 _aPakistan and the Modern West /
_cSheila Mcdonough
260 _aPakistan:
_bSheila Msdonough
_c1960
300 _a185 p;,
_c22 cm
650 _aCivilization
_zPakistan
942 _2ddc
_cBK